00663nam a2200157Ia 4500999001700000082001200017100002500029245009700054260003800151300002100189650005400210650010600264710002200370942001200392952010100404 c22428d22428 aTR.0179 aRaj, Christopher Sam 0aU.S. executive, congress, and the issue of American troop levels in Western Europe 1950-1968 c1977bJawaharlal Nehru University a448p. + C D - 52 aUNITED STATES - MILITARY RELATIONS - EUROPE, WEST aEUROPE, WEST - MILITARY RELATIONS - UNITED STATES//UNITED STATES - MILITARY RELATIONS - EUROPE, WEST  aShrivastava, B.K. cTH2ddc 00104070aNASSDOCbNASSDOCd2004-10-08l0oTR.0179p11310r2019-04-18 00:00:00w2019-04-18yTH